Statystyki dla Wallows - Wszystkie piosenki

Kliknij tutaj aby rozwiązać quiz!

Ogólne statystyki

  • Ten quiz został rozwiązany 2 razy
  • Średni wynik to 9 z 38

Statystyki odpowiedzi

Tytuł piosenki% Poprawnych
Are You Bored Yet?
100%
OK
100%
Scrawny
100%
These Days
100%
Another Story
50%
Ground
50%
Ice Cold Pool
50%
I Don't Want to Talk
50%
I'm Full
50%
Pictures of Girls
50%
Remember When
50%
What You Like
50%
Wish Me Luck
50%
1980s Horror Film II
0%
1980s Horror Story
0%
Coastlines
0%
Dig What You Dug
0%
Do Not Wait
0%
Drunk on Halloween
0%
It's Only Right
0%
Just Like A Movie
0%
Let the Sun In
0%
Nobody Gets Me
0%
Only Friend
0%
On Time
0%
Pleaser
0%
Pulling Leaves Of Trees
0%
Quarterback
0%
Sidelines
0%
Sun Tan
0%
Surf Surf Don't Drown
0%
Talk Like That
0%
Teacherous Doctor
0%
Trust Fall
0%
Uncomfortable
0%
Underneath the Streetlights in the Winter Outside Your House
0%
Virtual Aerobics
0%
Worlds Apart
0%

Rozkład punktacji

Percentyl według liczby udzielonych odpowiedzi

Procent ludzi z każdym wynikiem

Twoja historia wyników

Nie rozwiązałeś tego quizu